Unidad pedagógica musical para el apoyo a la comunidad de Santa Bárbara : Vitae in Música a Sotela.
Uloženo v:
| Hlavní autor: | |
|---|---|
| Další autoři: | |
| Médium: | Kniha |
| Jazyk: | Spanish |
| Vydáno: |
[San José, Costa Rica]
2020
|
| Témata: | |
| Tagy: |
Přidat tag
Žádné tagy, Buďte první, kdo vytvoří štítek k tomuto záznamu!
|
MARC
| LEADER | 00000nam a2200000Ia 4500 | ||
|---|---|---|---|
| 003 | 013475 | ||
| 005 | 20230330144534.0 | ||
| 008 | 140114s2020 cr a 000 ||spa d | ||
| 040 | |c cru CEDI | ||
| 100 | |a Villalobos Rodríguez, Andrés, 1993- |9 271 | ||
| 245 | |a Unidad pedagógica musical para el apoyo a la comunidad de Santa Bárbara : Vitae in Música a Sotela. | ||
| 260 | |a [San José, Costa Rica] |c 2020 | ||
| 500 | |a Proyecto de graduación (licenciatura en arquitectura)--Universidad de Costa Rica. Facultad de Ingeniería. Escuela de Arquitectura | ||
| 501 | |a Director de Proyecto de Graduación: Arq. Rolando Barahona Sotela | ||
| 650 | |x ACUSTICA EN ARQUITECTURA |x ESPACIO (ARQUITECTURA) |x ARQUITECTURA - DISEÑOS Y PLANOS |x DISEÑO ARQUITECTONICO - SANTA BARBARA (HEREDIA, COSTA RICA) | ||
| 700 | |9 270 |a Barahona Sotela, Rolando, 1944- |d Director del TFG | ||
| 942 | |c CEDI |h TFG 8626 |6 TFG_8626_000000000000000 | ||
| 999 | |c 21977 |d 21977 | ||
